00328nam a22001097a 4500020001800000082001700018100002400035245007700059260005300136300002000189563000900209 a9789694171593 a624.171bMEM aMemon, Bashir Ahmed aModern Methods of Structural Analysis using Matlab /cBashir Ahmed Memon aIslamabad :bHigher Education Commission,c2011. a516p. ;c24 cm. aPBK.